Online katalóg knižníc regiónu Turca

Posledný potomok (Record no. 22108)

MARC details
000 -LEADER
fixed length control field 01378cam a2200445 a 4500
001 - CONTROL NUMBER
control field 22108
003 - CONTROL NUMBER IDENTIFIER
control field VRT
005 - DATE AND TIME OF LATEST TRANSACTION
control field 20260320105706.0
008 - FIXED-LENGTH DATA ELEMENTS--GENERAL INFORMATION
fixed length control field 240318s2017 xo g 000 f slo
015 ## - NATIONAL BIBLIOGRAPHY NUMBER
National bibliography number SNBA2017/06
020 ## - INTERNATIONAL STANDARD BOOK NUMBER
International Standard Book Number 9788097244705
Qualifying information (viaz.)
035 ## - SYSTEM CONTROL NUMBER
System control number urn:nbn:sk:snk-am00dfrz
035 ## - SYSTEM CONTROL NUMBER
System control number urn:nbn:sk:snk-am3i0s6
035 ## - SYSTEM CONTROL NUMBER
System control number 079C93A9-9E63-4D72-94F9-B37DE5B0DB55
039 #9 - LEVEL OF BIBLIOGRAPHIC CONTROL AND CODING DETAIL [OBSOLETE]
Level of rules in bibliographic description 202403182147
Level of effort used to assign nonsubject heading access points VLOAD
Level of effort used to assign subject headings 202305090934
Level of effort used to assign classification AUTHORITY
Level of effort used to assign subject headings 202003161108
Level of effort used to assign classification VLOAD
Level of effort used to assign subject headings 201804181106
Level of effort used to assign classification mvthk05
040 ## - CATALOGING SOURCE
Original cataloging agency POKPOH
Language of cataloging slo
Transcribing agency POKPOH
Modifying agency SNK
Description conventions AACR2
041 0# - LANGUAGE CODE
Language code of text/sound track or separate title slo
044 ## - COUNTRY OF PUBLISHING/PRODUCING ENTITY CODE
MARC country code xo
ISO country code SK
072 #7 - SUBJECT CATEGORY CODE
Subject category code 821.162.4-3
Subject category code subdivision Slovenská próza
Source konspekt
080 ## - UNIVERSAL DECIMAL CLASSIFICATION NUMBER
Universal Decimal Classification number 821.162.4-31
Edition identifier 2011
080 ## - UNIVERSAL DECIMAL CLASSIFICATION NUMBER
Universal Decimal Classification number (0:82-311.6)
Edition identifier 2011
100 1# - MAIN ENTRY--PERSONAL NAME
Personal name Jarkovská, Erika,
Dates associated with a name 1965-
Relationship aut
245 10 - TITLE STATEMENT
Title Posledný potomok
Statement of responsibility, etc. Erika Jarkovská
260 ## - PUBLICATION, DISTRIBUTION, ETC.
Place of publication, distribution, etc. [Zvolen]
Name of publisher, distributor, etc. Enribook
Date of publication, distribution, etc. 2017
300 ## - PHYSICAL DESCRIPTION
Extent 220 s.
Dimensions 21 cm
500 ## - GENERAL NOTE
General note Miesto vydania podľa ISBN
655 #7 - INDEX TERM--GENRE/FORM
Genre/form data or focus term slovenské romány
Source of term SNKPH
655 #7 - INDEX TERM--GENRE/FORM
Genre/form data or focus term historické romány
Source of term SNKPH
655 #7 - INDEX TERM--GENRE/FORM
Genre/form data or focus term Slovak fiction
Source of term SNKPHeng
655 #7 - INDEX TERM--GENRE/FORM
Genre/form data or focus term Historical novels
Source of term SNKPHeng
910 ## - USER-OPTION DATA (OCLC)
User-option data pokpoh
910 ## - USER-OPTION DATA (OCLC)
User-option data pppk
910 ## - USER-OPTION DATA (OCLC)
User-option data skpk
910 ## - USER-OPTION DATA (OCLC)
User-option data snk
910 ## - USER-OPTION DATA (OCLC)
User-option data sllk
910 ## - USER-OPTION DATA (OCLC)
User-option data vthk
942 ## - ADDED ENTRY ELEMENTS (KOHA)
Source of classification or shelving scheme Dewey Decimal Classification
Koha item type Krásna literatúra pre dospelých
Suppress in OPAC No
949 ## - LOCAL PROCESSING INFORMATION (OCLC)
6 17A1258567
a snkSC 174934
b snk2017/11619
o 776/17
s 6100:20170821
949 ## - LOCAL PROCESSING INFORMATION (OCLC)
6 17A1261110
a snkSC 174934 D1
b snk2017/15000
o 776/17
Holdings
Stav vyradenia Strata Poškodenie Spôsob nadobudnutia Domovská knižnica Aktuálna knižnica Dátum nadobudnutia Total checkouts Čiarový kód exemplára Date last seen Typ exemplára
      Dar Obecná knižnica Horná Štubňa Obecná knižnica Horná Štubňa 20.03.2026   4736201881 20.03.2026 Krásna literatúra pre dospelých
Projekt je podporený Slovenskou asociáciou knižníc
Prevádzkuje Turčianska knižnica Martin 2026